[Event "25th Czech Open A 2014"]
[Site "Pardubice CZE"]
[Date "2014.07.25"]
[Round "8.48"]
[White "Musaev, Rasul"]
[Black "Vlasak, Lukas"]
[Result "1/2-1/2"]
[WhiteTitle "FM"]
[BlackTitle "FM"]
[WhiteElo "2281"]
[BlackElo "2375"]
[WhiteFideId "24146870"]
[BlackFideId "324752"]
[EventDate "2014.07.18"]

1. e4 c5 2. Nf3 d6 3. d4 cxd4 4. Nxd4 Nf6 5. Nc3 a6 6. h3 e6 7. g4 d5 8. exd5
Nxd5 9. Ne4 Be7 10. Bg2 O-O 11. O-O Qc7 12. c3 Bd7 13. f4 Nc6 14. Ne2 Rfd8 15.
Kh1 Qb6 16. Qd3 Be8 17. Qf3 Rab8 18. b3 Nf6 19. Be3 Qc7 20. Qf2 Nxe4 21. Bxe4 b5
22. Rac1 Na5 23. Nd4 Nb7 24. f5 e5 25. f6 exd4 26. Qh4 Bxf6 27. Qxh7+ Kf8 28.
Bf4 Nd6 29. g5 Bc6 30. Bxd6+ Rxd6 31. Rce1 Re6 32. gxf6 gxf6 33. cxd4 Bxe4+ 34.
Rxe4 Qb7 35. Qh8+ Ke7 36. Qxf6+ Ke8 37. Qh8+ Ke7 38. Qf6+ Ke8 39. Qh8+ Ke7 40.
Qh4+ Ke8 41. Qh8+ Ke7 42. Rxf7+ 1/2-1/2

[Event "25th Czech Open A 2014"]
[Site "Pardubice CZE"]
[Date "2014.07.25"]
[Round "8.49"]
[White "Seger, Ruediger"]
[Black "Sochacki, Wojtek"]
[Result "1/2-1/2"]
[WhiteTitle "IM"]
[BlackTitle "FM"]
[WhiteElo "2374"]
[BlackElo "2281"]
[WhiteFideId "4617274"]
[BlackFideId "651389"]
[EventDate "2014.07.18"]

1. e4 e6 2. d4 d5 3. Nd2 h6 4. Ngf3 Nf6 5. Bd3 c5 6. dxc5 Bxc5 7. Qe2 Nc6 8. O-O
Qc7 9. a3 a6 10. b4 Nd4 11. Qe1 dxe4 12. Bxe4 Bb6 13. c4 Nxf3+ 14. Bxf3 Bd4 15.
Rb1 O-O 16. Bb2 e5 17. c5 Be6 18. Qe2 Nd5 19. Bxd5 Bxd5 20. Bxd4 exd4 21. Qd3
Rad8 22. Rfe1 a5 23. Ne4 axb4 24. axb4 Bxe4 25. Rxe4 Qd7 26. Rd1 Rfe8 1/2-1/2

[Event "25th Czech Open A 2014"]
[Site "Pardubice CZE"]
[Date "2014.07.25"]
[Round "8.50"]
[White "Kozusek, Daniel"]
[Black "Druska, Juraj"]
[Result "0-1"]
[BlackTitle "FM"]
[WhiteElo "2083"]
[BlackElo "2355"]
[WhiteFideId "349500"]
[BlackFideId "14915650"]
[EventDate "2014.07.18"]

1. d4 g6 2. c4 Bg7 3. Nc3 c5 4. d5 Bxc3+ 5. bxc3 f5 6. e4 fxe4 7. f3 Qa5 8. Qc2
d6 9. fxe4 Nf6 10. Nf3 Nbd7 11. Bd3 Ne5 12. Nxe5 dxe5 13. O-O h6 14. d6 Qd8 15.
dxe7 Qxe7 16. Qf2 Kf7 17. Be3 b6 18. Qh4 Kg7 19. Rf3 Bb7 20. Raf1 Raf8 21. a4
Qe6 22. a5 Nd7 23. Rxf8 Nxf8 24. axb6 axb6 25. Be2 g5 26. Qg3 Ng6 27. Rd1 Bxe4
28. Ra1 Ra8 29. Rxa8 Bxa8 30. Qe1 Nh4 31. Bf1 Qg4 32. Qf2 Qe4 33. Qd2 Bc6 34. h3
Be8 35. Bd3 Qc6 36. Bxg5 hxg5 37. Qxg5+ Ng6 38. Bxg6 Bxg6 39. Qe7+ Bf7 40. Qxe5+
Qf6 41. Qg3+ Kh7 42. Qd3+ Qg6 43. Qd7 Qe6 44. Qd3+ Bg6 45. Qd5 Qe1+ 46. Kh2 Qxc3
47. Qb7+ Kh6 48. Qxb6 Qxc4 49. Qd6 Qd4 50. Qf8+ Kh7 51. Qe7+ Kg8 52. Qe6+ Bf7
53. Qc8+ Kg7 54. Qc7 c4 55. Qg3+ Kh8 56. Qb8+ Bg8 57. Qf8 Kh7 58. Qe7+ Kg6 59.
h4 Qf6 60. Qe4+ Qf5 61. Qc6+ Be6 62. Qe8+ Bf7 63. Qc6+ Kh5 64. g3 Bd5 65. Qe8+
Kg4 0-1

[Event "25th Czech Open A 2014"]
[Site "Pardubice CZE"]
[Date "2014.07.25"]
[Round "8.51"]
[White "Nun, Jiri"]
[Black "Lobanov, Sergei"]
[Result "1/2-1/2"]
[WhiteTitle "IM"]
[WhiteElo "2351"]
[BlackElo "2277"]
[WhiteFideId "300179"]
[BlackFideId "24183750"]
[EventDate "2014.07.18"]

1. e4 c5 2. Nf3 d6 3. c3 Nf6 4. h3 g6 5. Bd3 Bg7 6. O-O O-O 7. Bc2 Nc6 8. d4
cxd4 9. cxd4 d5 10. e5 Ne4 11. Nc3 Bf5 12. Re1 Nxc3 13. bxc3 Bxc2 14. Qxc2 Rc8
15. h4 e6 16. Bg5 Qd7 17. Qd2 f6 18. exf6 Bxf6 19. Re2 Bg7 20. Rae1 Rce8 21. Bh6
Rf5 22. Bxg7 Kxg7 23. Ne5 Nxe5 24. Rxe5 Rxe5 25. Rxe5 b5 26. h5 Qf7 27. hxg6
hxg6 28. Qe2 Qf4 29. Re3 a6 30. g3 Qf5 31. Re5 Qb1+ 32. Qe1 Qxe1+ 33. Rxe1 Kf6
34. Rb1 Rc8 35. Rb3 g5 36. f3 e5 37. dxe5+ Kxe5 38. Kf2 d4 39. cxd4+ Kxd4 40.
Rb2 Rc5 41. Re2 a5 42. g4 b4 43. f4 gxf4 44. Kf3 a4 45. Kxf4 b3 1/2-1/2

[Event "25th Czech Open A 2014"]
[Site "Pardubice CZE"]
[Date "2014.07.25"]
[Round "8.52"]
[White "Zhylkaidarova, Sholpan"]
[Black "Golubov, Saveliy"]
[Result "1/2-1/2"]
[WhiteElo "2069"]
[BlackElo "2339"]
[WhiteFideId "13700138"]
[BlackFideId "24176729"]
[EventDate "2014.07.18"]

1. d4 Nf6 2. c4 e6 3. Nf3 d5 4. Bg5 Be7 5. Nc3 O-O 6. e3 h6 7. Bh4 b6 8. Be2 Bb7
9. Bxf6 Bxf6 10. cxd5 exd5 11. b4 c6 12. O-O a5 13. b5 c5 14. Ne5 Qc7 15. Ng4
Be7 16. Bf3 Rd8 17. dxc5 Qxc5 18. Rc1 Qd6 19. Qd4 h5 20. Ne5 Bf6 21. Nc4 dxc4
22. Qxd6 Rxd6 23. Bxb7 Ra7 24. Ne4 Rd8 25. Nxf6+ gxf6 26. Bc6 Nxc6 27. bxc6 b5
28. a4 bxa4 29. Rxc4 Rc8 30. h3 Ra6 31. c7 Ra7 32. Rfc1 a3 33. Ra4 Rcxc7 34.
Rxc7 Rxc7 35. Rxa5 Rc1+ 36. Kh2 Rc2 37. Rxa3 Rxf2 38. Kg3 Rf5 39. h4 Kg7 40. e4
Rb5 41. Kf4 Kg6 42. Rg3+ Kh7 43. Rd3 Kg6 44. Rd6 Ra5 45. g3 Rb5 46. g4 hxg4 47.
Kxg4 Re5 48. Kf4 Rh5 49. Kg4 Re5 1/2-1/2

[Event "25th Czech Open A 2014"]
[Site "Pardubice CZE"]
[Date "2014.07.25"]
[Round "8.53"]
[White "Muhammad, Luthfi Ali"]
[Black "Gruenter, Martin"]
[Result "1-0"]
[WhiteTitle "FM"]
[WhiteElo "2336"]
[BlackElo "2249"]
[WhiteFideId "7103743"]
[BlackFideId "24640352"]
[EventDate "2014.07.18"]

1. e4 c5 2. Nf3 d6 3. Nc3 Nf6 4. d4 cxd4 5. Nxd4 a6 6. Be3 e5 7. Nb3 Be6 8. f3
Be7 9. Qd2 O-O 10. O-O-O Nbd7 11. g4 Qc7 12. Kb1 b5 13. g5 Nh5 14. f4 exf4 15.
Bxf4 Nxf4 16. Qxf4 Rac8 17. Nd4 Nb6 18. Bd3 Qc5 19. Nf5 Bd8 20. h4 Qe5 21. Ne2
Bxf5 22. exf5 Nc4 23. Qxe5 dxe5 24. Nc3 f6 25. Ne4 Be7 26. Rhe1 Nb6 27. c3 Rcd8
28. Bc2 Kh8 29. Bb3 Nd7 30. Rd5 Nb6 31. Rdd1 Nd7 32. Rd5 Nb6 33. Rxd8 Rxd8 34.
Kc2 Rd7 35. Be6 Rd8 36. Rg1 Na4 37. b4 Nb6 38. Rg3 Na8 39. Bb3 Nc7 40. Rd3 Rxd3
41. Kxd3 fxg5 42. hxg5 h5 43. gxh6 gxh6 44. f6 Bf8 45. Bf7 Na8 46. Ke3 Nb6 47.
Kf3 Nc8 48. Be6 Nd6 49. Nc5 Ne8 50. Nd7 Bd6 51. Ke4 Kh7 52. Bf7 Nc7 53. Nxe5 Bf8
54. Kf5 Bd6 55. Nd7 Na8 56. Ke6 Bf4 57. Kf5 Bd6 58. Bg6+ Kg8 59. Ke6 Bf8 60.
Bf7+ 1-0

[Event "25th Czech Open A 2014"]
[Site "Pardubice CZE"]
[Date "2014.07.25"]
[Round "8.54"]
[White "Boruchovsky, Avital"]
[Black "Semenova, Elena1"]
[Result "1-0"]
[WhiteTitle "GM"]
[BlackTitle "WIM"]
[WhiteElo "2503"]
[BlackElo "2215"]
[WhiteFideId "2800055"]
[BlackFideId "24125148"]
[EventDate "2014.07.18"]

1. e4 e5 2. Bc4 Nf6 3. d3 Nc6 4. Nc3 Bb4 5. Ne2 Na5 6. O-O Nxc4 7. dxc4 O-O 8.
Qd3 Bxc3 9. Nxc3 d6 10. f4 exf4 11. Bxf4 Nh5 12. Bd2 Be6 13. b3 a6 14. Ne2 Qh4
15. Nd4 Rae8 16. Rae1 Bc8 17. Rf2 h6 18. Re3 Re7 19. Be1 Qg5 20. Nf5 Bxf5 21.
Rxf5 Qg4 22. h3 Qg6 23. Bc3 Rfe8 24. g4 Nf6 25. Bxf6 gxf6 26. Kf2 Re5 27. Re1
Kf8 28. Qf3 Rxf5 29. Qxf5 b6 30. Kf3 a5 31. Re2 Kg7 32. Qd7 Re5 33. Qxc7 h5 34.
Qxb6 Qh7 35. Qg1 hxg4+ 36. hxg4 Qh3+ 37. Kf4 Qh6+ 38. Kg3 Rg5 39. Rh2 Qg6 40.
Kf3 Re5 41. Qe3 Rg5 42. Qf4 1-0

[Event "25th Czech Open A 2014"]
[Site "Pardubice CZE"]
[Date "2014.07.25"]
[Round "8.55"]
[White "Kratochvil, Josef"]
[Black "Dourerassou, Jonathan"]
[Result "0-1"]
[WhiteTitle "FM"]
[BlackTitle "IM"]
[WhiteElo "2257"]
[BlackElo "2515"]
[WhiteFideId "328626"]
[BlackFideId "628050"]
[EventDate "2014.07.18"]

1. Nf3 c5 2. g3 Nc6 3. Bg2 g6 4. O-O Bg7 5. e4 d6 6. c3 Nf6 7. d4 O-O 8. d5 Ne5
9. Nxe5 dxe5 10. a4 Ne8 11. Be3 b6 12. Qe2 Nd6 13. Nd2 Qc7 14. f4 a5 15. Rf2 Ba6
16. Qg4 exf4 17. Bxf4 Qc8 18. Qf3 e5 19. dxe6 Qxe6 20. e5 Nc4 21. Nxc4 Bxc4 22.
Rd2 Bxe5 23. Bxe5 Qxe5 24. Qxa8 Rxa8 25. Bxa8 Qe3+ 26. Rf2 h5 27. Bf3 Bd3 28. h4
Kg7 29. Kg2 c4 30. Rd1 f5 31. Rh1 f4 32. gxf4 Qxf4 33. Rh3 Qc1 34. Rg3 Kh6 35.
Bd5 Qe1 36. Bf3 Qe5 37. Rh3 Qe8 38. Bd1 Be4+ 39. Kh2 Bf5 40. Rg3 Qe1 41. Rxf5
gxf5 42. Bf3 f4 0-1

[Event "25th Czech Open A 2014"]
[Site "Pardubice CZE"]
[Date "2014.07.25"]
[Round "8.56"]
[White "Jovanic, Ognjen"]
[Black "Pfretzschner, Roland"]
[Result "1-0"]
[WhiteTitle "GM"]
[BlackTitle "FM"]
[WhiteElo "2482"]
[BlackElo "2256"]
[WhiteFideId "14504081"]
[BlackFideId "4612086"]
[EventDate "2014.07.18"]

1. d4 Nf6 2. c4 g6 3. Nc3 d5 4. Bg5 Ne4 5. Bh4 Nxc3 6. bxc3 dxc4 7. e3 Be6 8.
Nf3 Bg7 9. Qb1 b6 10. Ng5 Bd5 11. e4 h6 12. Nf3 Be6 13. Be2 c5 14. Qb5+ Qd7 15.
Bxc4 Bxc4 16. Qxc4 cxd4 17. cxd4 Nc6 18. Rd1 Rc8 19. Qb5 Na5 20. Qe2 O-O 21. O-O
Rc4 22. d5 g5 23. Bg3 Qa4 24. e5 Re4 25. Qa6 g4 26. Nh4 Bxe5 27. Qxa7 Bf6 28.
Nf5 h5 29. Bc7 Qd7 30. Ng3 Ra4 31. Qxb6 Rxa2 32. Nxh5 Bh8 33. d6 exd6 34. Rxd6
Qf5 35. Nf6+ Bxf6 36. Rxf6 Qe4 37. Qb5 Ra8 38. Qg5+ Kf8 39. Bd6+ 1-0

[Event "25th Czech Open A 2014"]
[Site "Pardubice CZE"]
[Date "2014.07.25"]
[Round "8.57"]
[White "Malakhov, Igor"]
[Black "Cuhra, Martin"]
[Result "1-0"]
[WhiteTitle "IM"]
[WhiteElo "2454"]
[BlackElo "2251"]
[WhiteFideId "4183088"]
[BlackFideId "327735"]
[EventDate "2014.07.18"]

1. c4 Nf6 2. g3 c5 3. Bg2 Nc6 4. Nc3 g6 5. Nf3 Bg7 6. d4 cxd4 7. Nxd4 O-O 8. O-O
Nxd4 9. Qxd4 d6 10. Qd3 Qa5 11. Bd2 Qh5 12. Rfe1 Ng4 13. h4 Ne5 14. Qc2 Nxc4 15.
Bg5 Bf5 16. Qb3 Rac8 17. Nd5 Rc5 18. Nf4 1-0

[Event "25th Czech Open A 2014"]
[Site "Pardubice CZE"]
[Date "2014.07.25"]
[Round "8.58"]
[White "Vogel, Roven"]
[Black "Yuffa, Daniil"]
[Result "1/2-1/2"]
[BlackTitle "IM"]
[WhiteElo "2257"]
[BlackElo "2447"]
[WhiteFideId "12908088"]
[BlackFideId "24131423"]
[EventDate "2014.07.18"]

1. e4 c5 2. b3 e5 3. Bb2 Nc6 4. Bc4 d6 5. Ne2 g6 6. O-O Bg7 7. Nbc3 Nge7 8. Nd5
O-O 9. f4 Be6 10. Nxe7+ Nxe7 11. Bxe6 fxe6 12. fxe5 Rxf1+ 13. Qxf1 dxe5 14. d3
Nc6 15. Qf2 Qe7 16. Rf1 b5 17. Ba3 Nb4 18. Nc1 Rf8 19. Qe2 Rd8 20. Bb2 Nc6 21.
Qf2 Nd4 22. c3 Nc6 23. Qe3 Qd6 24. c4 b4 25. g4 a5 26. a4 bxa3 27. Bxa3 Nd4 28.
Bb2 Rb8 29. Bxd4 exd4 30. Qd2 Be5 31. h3 Qc7 32. Kg2 Kg7 33. h4 h6 34. Kh3 Qd8
35. Qa2 Bf6 36. Qf2 Rb7 37. Qg3 Qb8 38. Qf3 Qe5 39. g5 hxg5 40. hxg5 Bxg5 41.
Qf8+ Kh7 42. Rf7+ Rxf7 43. Qxf7+ Kh6 44. Qf8+ Kh5 45. Ne2 Bf6 46. Qf7 Kh6 47.
Qf8+ Kh7 48. Qf7+ Bg7 49. Nf4 Qf6 50. Qxf6 Bxf6 51. Nxe6 Be7 52. Kg4 Kg8 53. Nf4
Kf7 54. Nh3 Kf6 55. Ng1 Bd6 56. Nf3 Bc7 57. Ne1 Bd6 58. Nc2 Bb8 59. Na3 Bc7 60.
Nb5 Bb8 61. Kh4 Kf7 62. Kg5 Kg7 63. Na3 Bc7 64. Nb5 Bb8 65. Na3 Bc7 66. Nb1 Bd8+
67. Kf4 Kf6 68. Nd2 Bc7+ 1/2-1/2

[Event "25th Czech Open A 2014"]
[Site "Pardubice CZE"]
[Date "2014.07.25"]
[Round "8.59"]
[White "Rasik, Vitezslav"]
[Black "Mishin, Alexei"]
[Result "1-0"]
[WhiteTitle "IM"]
[WhiteElo "2445"]
[BlackElo "2228"]
[WhiteFideId "300306"]
[BlackFideId "4157940"]
[EventDate "2014.07.18"]

1. e4 c5 2. Nf3 g6 3. c3 Bg7 4. d4 cxd4 5. cxd4 d5 6. e5 Nc6 7. Bb5 Bg4 8. Bxc6+
bxc6 9. Nbd2 f6 10. h3 Bxf3 11. Nxf3 Qa5+ 12. Bd2 Qa6 13. Rc1 Nh6 14. Qe2 Qxe2+
15. Kxe2 Kd7 16. e6+ Kxe6 17. Rxc6+ Kd7 18. Rc5 e6 19. Rhc1 Rhc8 20. Bf4 Rxc5
21. Rxc5 Rc8 22. Ra5 Ra8 23. Rc5 Rc8 24. Ra5 Ra8 25. Rb5 Nf7 26. Rb7+ Ke8 27.
Bd6 Nxd6 28. Rxg7 Kf8 29. Rd7 Nf7 30. Nd2 a5 31. Nb3 Ke8 32. Nc5 Rb8 33. Rb7
Rxb7 34. Nxb7 a4 35. Nc5 a3 36. bxa3 e5 37. a4 Kd8 38. a5 Nd6 39. Nd3 exd4 40.
Nb4 Ne4 41. Nxd5 f5 42. Kd3 Nxf2+ 43. Kxd4 Kc8 44. Nf6 f4 45. Nxh7 Kb7 46. Ng5
Nd1 47. Ke4 1-0

[Event "25th Czech Open A 2014"]
[Site "Pardubice CZE"]
[Date "2014.07.25"]
[Round "8.60"]
[White "Plischki, Sebastian"]
[Black "Furman, Boris"]
[Result "0-1"]
[WhiteTitle "IM"]
[BlackTitle "FM"]
[WhiteElo "2433"]
[BlackElo "2225"]
[WhiteFideId "4637143"]
[BlackFideId "4107187"]
[EventDate "2014.07.18"]

1. d4 Nf6 2. c4 e6 3. Nc3 Bb4 4. e3 O-O 5. Bd3 d5 6. Ne2 Nc6 7. a3 dxc4 8. Bxc4
Bd6 9. f4 Ng4 10. O-O f5 11. b4 Bd7 12. e4 fxe4 13. Nxe4 Qh4 14. h3 Nf6 15. Nc5
Bxc5 16. dxc5 Kh8 17. Bb2 Rad8 18. Qb3 Nd5 19. Rad1 Nce7 20. Be5 c6 21. Nd4 Ng6
22. Bd6 Rf6 23. f5 exf5 24. Bxd5 cxd5 25. Qxd5 Qe4 26. Qxe4 fxe4 27. Rfe1 Re8
28. Bg3 a6 29. Re3 Bc6 30. Nxc6 bxc6 31. Rd7 h5 32. Ra7 h4 33. Bd6 Nf4 34. Rxa6
Nd5 35. Re1 e3 36. Rxc6 e2 37. b5 Ne3 38. Rxe2 Rf1+ 39. Kh2 Rb1 40. Rf2 Nf1+ 41.
Rxf1 Rxf1 42. Bg3 Rh1+ 0-1

[Event "25th Czech Open A 2014"]
[Site "Pardubice CZE"]
[Date "2014.07.25"]
[Round "8.61"]
[White "Raghavi, N."]
[Black "Grekh, Andrey"]
[Result "1-0"]
[WhiteTitle "WIM"]
[BlackTitle "IM"]
[WhiteElo "2227"]
[BlackElo "2396"]
[WhiteFideId "5017173"]
[BlackFideId "14112418"]
[EventDate "2014.07.18"]

1. e4 c5 2. Nf3 a6 3. c3 d5 4. exd5 Qxd5 5. d4 Bg4 6. Be2 e6 7. Be3 cxd4 8. cxd4
Nf6 9. Nc3 Qa5 10. h3 Bh5 11. Qb3 Qb4 12. Qc2 Bg6 13. Qc1 Nc6 14. O-O Be7 15. a3
Qa5 16. b4 Qd8 17. Na4 Nd5 18. Nc5 Bxc5 19. dxc5 Nxe3 20. Qxe3 Qd5 21. Rfd1 Qe4
22. Nd4 Nxd4 23. Rxd4 Qxe3 24. fxe3 e5 25. Rd5 f6 26. Bf3 e4 27. Bg4 h5 28. Bd7+
Ke7 29. c6 bxc6 30. Bxc6 Ra7 31. Ra5 Rb8 32. Rc1 Rb6 33. Bd5 Rb5 34. Rc5 Rxc5
35. Rxc5 Kd6 36. Bc4 Bf7 37. Be2 a5 38. Rxa5 Rxa5 39. bxa5 h4 40. Kf2 Kc5 41. g3
g5 42. gxh4 gxh4 43. Ke1 Be6 44. Bf1 Bd7 45. Kd2 Bc8 46. Kc3 Bd7 47. a6 Bc6 48.
Be2 f5 49. Bc4 Kd6 50. Kd4 Ba8 51. a7 Bc6 52. Ba6 Ke6 53. Bc8+ Kf6 54. a4 Kg5
55. Ke5 1-0

[Event "25th Czech Open A 2014"]
[Site "Pardubice CZE"]
[Date "2014.07.25"]
[Round "8.62"]
[White "Goluch, Piotr"]
[Black "Mueller, Ralf1"]
[Result "1-0"]
[BlackTitle "FM"]
[WhiteElo "2231"]
[BlackElo "2392"]
[WhiteFideId "1137840"]
[BlackFideId "4606612"]
[EventDate "2014.07.18"]

1. e4 e5 2. Nf3 Nc6 3. Bb5 Nf6 4. Nc3 Bc5 5. Nxe5 Nxe5 6. d4 Bd6 7. f4 Nc6 8. e5
Bb4 9. O-O O-O 10. exf6 Bxc3 11. bxc3 Qxf6 12. f5 a6 13. Bd3 b5 14. Qh5 Re8 15.
Bg5 Qd6 16. f6 g6 17. Qh6 Qf8 18. Qh4 d5 19. Bh6 1-0

[Event "25th Czech Open A 2014"]
[Site "Pardubice CZE"]
[Date "2014.07.25"]
[Round "8.63"]
[White "Linusson, Pelle"]
[Black "Aulia, Medina Warda"]
[Result "0-1"]
[BlackTitle "WGM"]
[WhiteElo "2221"]
[BlackElo "2382"]
[WhiteFideId "1709062"]
[BlackFideId "7101570"]
[EventDate "2014.07.18"]

1. Nf3 d5 2. c4 dxc4 3. e3 Nf6 4. Bxc4 e6 5. O-O Be7 6. Qe2 O-O 7. Rd1 b6 8. d4
Bb7 9. Nc3 a6 10. e4 b5 11. Bd3 b4 12. Na4 Nbd7 13. e5 Nd5 14. Qe4 g6 15. Bh6
Re8 16. Qg4 Bf8 17. Bxf8 Rxf8 18. Rac1 Kg7 19. h4 f5 20. exf6+ N5xf6 21. Qg3
Bxf3 22. Qxf3 Nh5 23. Qe3 Nf4 24. Bf1 Qxh4 25. Rxc7 Rf7 26. Nc5 Nd5 27. Nxe6+
Kh8 28. Qd2 Nxc7 29. Nxc7 Raf8 30. f3 Rf5 31. d5 Ne5 32. Qd4 Qg3 33. Ne6 R8f6
34. Be2 Rxf3 35. Qa7 Qf2+ 36. Qxf2 Rxf2 37. Re1 h5 38. Bxa6 Ng4 39. Be2 Rf7 40.
a4 R2f5 41. Bf3 Re5 42. Rd1 Ne3 43. Rd2 g5 44. d6 Rxe6 45. d7 Rxd7 46. Rxd7 g4
47. Rd4 gxf3 48. gxf3 Nc2 49. Rc4 Rg6+ 50. Kf2 Rg2+ 0-1

[Event "25th Czech Open A 2014"]
[Site "Pardubice CZE"]
[Date "2014.07.25"]
[Round "8.64"]
[White "Kourousis, Epaminondas"]
[Black "Monin, Nikolay"]
[Result "1-0"]
[BlackTitle "IM"]
[WhiteElo "2364"]
[BlackElo "2217"]
[WhiteFideId "4211626"]
[BlackFideId "4104013"]
[EventDate "2014.07.18"]

1. d4 Nf6 2. c4 g6 3. Nc3 Bg7 4. e4 d6 5. h3 O-O 6. Nf3 e5 7. dxe5 dxe5 8. Be3
Nbd7 9. Be2 c6 10. O-O Re8 11. c5 Bf8 12. b4 b6 13. Bc4 h6 14. cxb6 axb6 15. a4
Qe7 16. Rb1 Rd8 17. Qe2 Bb7 18. Nd2 c5 19. bxc5 Nxc5 20. Rxb6 Nxa4 21. Nxa4 Rxa4
22. Bb3 Rb4 23. Rxb4 Qxb4 24. Rb1 Qe7 25. Qc4 Bc8 26. Qc6 Bd7 27. Qb6 Rc8 28.
Ra1 Qd6 29. Qxd6 Bxd6 30. Bxh6 Bb4 31. Nf3 Nxe4 32. Ra7 Be8 33. Nxe5 Bc5 34.
Bxf7+ Kh7 35. Bxg6+ Kxh6 36. Rh7+ Kg5 37. Bxe4 Kf4 38. Bb7 Rd8 39. Ng4 Rd1+ 40.
Kh2 Rd2 41. Rh8 Bd7 42. g3+ Kg5 43. Rg8+ Kf5 44. Bc8 1-0

[Event "25th Czech Open A 2014"]
[Site "Pardubice CZE"]
[Date "2014.07.25"]
[Round "8.65"]
[White "Sylvan, Jacob"]
[Black "Titan, Matej"]
[Result "1/2-1/2"]
[WhiteTitle "FM"]
[WhiteElo "2356"]
[BlackElo "2202"]
[WhiteFideId "1402137"]
[BlackFideId "14608146"]
[EventDate "2014.07.18"]

1. c4 Nf6 2. Nf3 e6 3. e3 b6 4. b3 Bb7 5. Bb2 c5 6. d4 cxd4 7. exd4 d6 8. Nbd2
Nbd7 9. Bd3 Be7 10. O-O O-O 11. Re1 Re8 12. Qe2 Bf8 13. Rad1 Rc8 14. Bb1 Qc7 15.
Qd3 g6 16. Ng5 Bg7 17. Qh3 Nf8 18. Rc1 Qb8 19. Ba3 d5 20. Ndf3 Qf4 21. g3 Qg4
22. c5 Qxh3 23. Nxh3 N8d7 24. cxb6 axb6 25. Nf4 Ne4 26. Bb4 Nb8 27. Red1 Nc6 28.
Ba3 1/2-1/2

[Event "25th Czech Open A 2014"]
[Site "Pardubice CZE"]
[Date "2014.07.25"]
[Round "8.66"]
[White "Amerkeshev, Madiyar"]
[Black "Schwarz, Dusan"]
[Result "1/2-1/2"]
[WhiteElo "2211"]
[BlackElo "2352"]
[WhiteFideId "13704222"]
[BlackFideId "14903890"]
[EventDate "2014.07.18"]

1. d4 d5 2. c4 c6 3. Nf3 Nf6 4. Qc2 dxc4 5. e4 b5 6. b3 cxb3 7. axb3 e6 8. Be2
Bb7 9. O-O Be7 10. Bd2 a5 11. e5 Nd5 12. Nc3 Nxc3 13. Bxc3 b4 14. Bd2 Nd7 15.
Qe4 h6 16. Qg4 Kf8 17. Be3 Ba6 18. Bxa6 Rxa6 19. Rfc1 Qa8 20. d5 cxd5 21. Rc7
Qe8 22. Rac1 Ra8 23. Nd4 g6 24. Nxe6+ fxe6 25. Qxe6 Rd8 26. Qxd5 Rh7 27. h3 h5
28. Qe4 Qf7 29. e6 Nf6 30. Qe5 Qg8 31. Rxe7 Rxe7 32. Qxf6+ Ke8 33. Rc6 Qg7 34.
Qg5 a4 35. Qb5 Kf8 36. Qxb4 axb3 37. Qxb3 Qa1+ 38. Kh2 Qe5+ 39. g3 h4 40. Bc5
hxg3+ 41. Qxg3 Qxg3+ 42. Kxg3 Ke8 43. Kf4 Rh7 44. Kg5 Rxh3 45. Kxg6 Rf3 46. Be3
Rxe3 47. fxe3 Ke7 48. Kf5 Rd5+ 49. Kf4 Ra5 50. Ke4 Ra4+ 51. Kd5 Ra5+ 52. Rc5
Rxc5+ 53. Kxc5 Kxe6 54. Kd4 Kd6 55. e4 Ke6 56. e5 Ke7 57. Kd5 Kd7 58. e6+ Ke7
59. Ke5 Ke8 1/2-1/2

[Event "25th Czech Open A 2014"]
[Site "Pardubice CZE"]
[Date "2014.07.25"]
[Round "8.67"]
[White "Pulpan, Jakub"]
[Black "Dauth, Benjamin"]
[Result "1-0"]
[BlackTitle "FM"]
[WhiteElo "2218"]
[BlackElo "2349"]
[WhiteFideId "302759"]
[BlackFideId "4688104"]
[EventDate "2014.07.18"]

1. e4 e5 2. Nf3 Nc6 3. Bb5 d6 4. c3 Bd7 5. d4 Qf6 6. d5 Nb8 7. Qe2 h6 8. Nbd2
Ne7 9. Nf1 g5 10. h4 g4 11. N3h2 c6 12. dxc6 bxc6 13. Bd3 Qxh4 14. Ng3 Be6 15.
Nhf1 Qf6 16. Ne3 Rg8 17. b3 Nd7 18. Ba3 d5 19. Bxe7 Qxe7 20. Ngf5 Qg5 21. Rd1
Rd8 22. b4 h5 23. b5 dxe4 24. Bxe4 Qf4 25. Bxc6 Bxf5 26. Nd5 Qg5 27. Rxh5 Bd6
28. Rxg5 Rxg5 29. Nf6+ Ke7 30. Nxd7 Bxd7 31. Rxd6 Kxd6 32. Qd2+ Kc7 33. Qxg5
Bxc6 34. bxc6 Rd6 35. Qe7+ Kxc6 36. Qxa7 f6 37. Qa4+ Kd5 38. Qxg4 Rc6 39. Qd7+
Kc5 40. a4 Rb6 41. Qc7+ Rc6 42. Qa5+ Kd6 43. Qb4+ Kd5 44. a5 Rc4 45. Qb5+ Rc5
46. c4+ Kd4 47. a6 Rxc4 48. Qxc4+ 1-0

[Event "25th Czech Open A 2014"]
[Site "Pardubice CZE"]
[Date "2014.07.25"]
[Round "8.68"]
[White "Marusenko, Petr"]
[Black "Gheng, Josef"]
[Result "1-0"]
[WhiteTitle "IM"]
[BlackTitle "FM"]
[WhiteElo "2207"]
[BlackElo "2336"]
[WhiteFideId "14100606"]
[BlackFideId "4618041"]
[EventDate "2014.07.18"]

1. d4 Nf6 2. c4 e6 3. Nc3 Bb4 4. e3 b6 5. Ne2 Ba6 6. a3 Be7 7. Nf4 O-O 8. e4 d6
9. b3 Bb7 10. d5 e5 11. Nd3 Nbd7 12. Be2 Nc5 13. Nxc5 dxc5 14. O-O Nd7 15. Bg4
Bd6 16. Ra2 Bc8 17. Re2 Re8 18. Qd3 Nf8 19. Bxc8 Rxc8 20. g3 a6 21. Nd1 Rb8 22.
Ne3 b5 23. Nf5 bxc4 24. bxc4 Qd7 25. f4 a5 26. Nxd6 cxd6 27. fxe5 dxe5 28. Be3
Qd6 29. Rb1 Nd7 30. Reb2 Rxb2 31. Rxb2 Rb8 32. Qb1 Rxb2 33. Qxb2 Qa6 34. Qb5
Qxb5 35. cxb5 a4 36. Bd2 Kf8 37. Ba5 Ke8 38. Kf2 Nf6 39. Ke3 Kd7 40. Kd3 c4+ 41.
Ke3 Ng4+ 42. Kd2 f5 43. exf5 Nf6 44. Kc3 Nxd5+ 45. Kxc4 Ne3+ 46. Kb4 Nxf5 47.
Kxa4 e4 48. Kb3 Nd4+ 49. Kc4 Nf3 50. Bc3 g5 51. Kd5 e3 52. Ke4 Nd2+ 53. Kxe3
Nc4+ 54. Ke4 Nxa3 55. b6 Nc4 56. Bd4 Ke6 57. Bc5 Na5 58. g4 Nb7 59. Be3 h6 60.
Kd4 Kd6 61. Ke4 Ke6 62. Bd4 Nd6+ 63. Kd3 Kd5 64. Bg7 Kc6 65. Bxh6 Nf7 66. Bg7
Kxb6 67. Ke4 Nd6+ 68. Kd5 Nb5 69. Bf6 Kc7 70. Ke6 Kc6 71. Bxg5 Nc7+ 72. Kf7 Kd5
73. Bf6 Ke4 74. g5 Kf5 75. h4 Nd5 76. h5 Ne3 77. h6 Nc4 78. h7 Nd6+ 79. Kf8 Ne8
80. Kxe8 1-0